000 01113cam a2200241a 44500
003 OSt
005 20150408113938.0
008 980503s1972 le g b 00010 ara d
040 _amu
_bara
_cmb
041 _aعربي.
072 7 _a025
_xالقرآن الكريم وعلومه ومباحثه
082 0 4 _a225.4
092 _a225.4
_bز ب ب
100 1 _aالزركشي، محمد بن بهادر بن عبد الله،
_d745-794هـ.
_9843
245 1 2 _aالبرهان في علوم القرآن /
_cبدر الدين محمد بن عبد الله الزركشي ؛ تحقيق المرعشلى يوسف عبد الرحمن الذهبى الشيخ جمال حمدى الكردى الشيخ ابراهيم عبد الله
250 _aط. 2.
260 _aبيروت
_bدار المعرفة
_c1994
300 _a4 ج. ؛
_c24 سم.
630 _aالقرآن
_xعلوم
_2aucsh. 7
650 _aعلوم القرآن
_2aucsh.1
_9137
700 _aالمرعشلى يوسف عبد الرحمن اذهبى جمال حمدى الكردى ابراهيم عبد الله
_eمحقق.\\
_930
942 _2ddc
_cREF
999 _c17471
_d251971